000 01340nam a22002177a 4500
001 K121180
008 160218b2020 xxu||||| |||| 00| 0 eng dhttps://library-staff.rics.org/cgi-bin/koha/cataloguing/addbiblio.pl?frameworkcode=BK
041 _aeng
110 _aBank of England
245 _aThe 2021 biennial exploratory scenario on the financial risks from climate change
_bDiscussion Paper
260 _aLondon
_bBank of England
_c2019
520 _aThe Bank of England will use its 2021 biennial exploratory scenario (BES) to explore the financial risks posed by climate change. The exercise will test the resilience of the current business models of the largest banks, insurers and the financial system to climate related risks and therefore the scale of adjustment that will need to be undertaken in coming decades for the system to remain resilient. Seeking stakeholders to participate in exercise. Consultation closes 18 March 2020.
650 _aClimate change
650 _aBanks
650 _aFinancial institutions
650 _aValuetheplanet
651 _aUnited Kingdom 1973
690 _96238
_aEnvironment
856 _uhttps://www.bankofengland.co.uk/-/media/boe/files/paper/2019/the-2021-biennial-exploratory-scenario-on-the-financial-risks-from-climate-change.pdf
_zView at Bank of England
942 _n0
999 _c121180
_d121180